[Event "Cannes Martinez op"]
[Site "Cannes"]
[Date "1996.??.??"]
[Round "2"]
[White "Masserey, Yvan"]
[Black "Morrison, Roberto"]
[Result "1-0"]
[WhiteElo "2305"]
[BlackElo "1965"]
[PlyCount "81"]
[EventDate "1996.08.??"]
[EventType "swiss"]
[EventRounds "9"]
[EventCountry "FRA"]
[SourceTitle "EXT 1998"]
[Source "ChessBase"]
[SourceDate "1997.11.17"]
[SourceVersion "1"]
[SourceVersionDate "1997.11.17"]
[SourceQuality "1"]

1. e4 c5 2. Nf3 Nc6 3. d4 cxd4 4. Nxd4 Nf6 5. Nc3 e5 6. Ndb5 d6 7. Bg5 a6 8. Na3 b5 9. Bxf6 gxf6 10. Nd5 f5 11. c3 fxe4 12. Bxb5 axb5 13. Nxb5 Ra7 14. Nxa7 Nxa7 15. Qa4+ Bd7 16. Qxa7 Rg8 17. g3 Bh6 18. Qc7 Qxc7 19. Nxc7+ Ke7 20. c4 Rb8 21. Nd5+ Ke6 22. b3 Bc6 23. Rd1 e3 24. fxe3 Bxe3 25. Rf1 Bg5 26. Nc7+ Ke7 27. h4 Be3 28. Nd5+ Bxd5 29. Rxd5 Rg8 30. Rb5 Ke6 31. Rf3 Bd4 32. a4 e4 33. Rf4 Be5 34. Rxe4 Rxg3 35. a5 f5 36. Re2 Kd7 37. a6 Rg1+ 38. Kf2 Ra1 39. Rb7+ Kc6 40. Rxh7 Rxa6 41. Rxe5 1-0

[Event "Cannes Martinez op"]
[Site "Cannes"]
[Date "1996.??.??"]
[Round "3"]
[White "Morrison, Roberto"]
[Black "Kluss, Kai"]
[Result "0-1"]
[WhiteElo "1965"]
[BlackElo "2225"]
[PlyCount "69"]
[EventDate "1996.08.??"]
[EventType "swiss"]
[EventRounds "9"]
[EventCountry "FRA"]
[SourceTitle "EXT 1998"]
[Source "ChessBase"]
[SourceDate "1997.11.17"]
[SourceVersion "1"]
[SourceVersionDate "1997.11.17"]
[SourceQuality "1"]

1. e4 c5 2. Nf3 Nc6 3. Bb5 Qb6 4. Nc3 e6 5. 0-0 Nge7 6. Re1 g6 7. b3 Bg7 8. Bb2 0-0 9. Bf1 Nd4 10. Nxd4 cxd4 11. Nb5 a6 12. Ba3 axb5 13. Bxe7 Re8 14. Bb4 Bf8 15. a3 d6 16. c4 bxc4 17. Bxc4 Bd7 18. e5 dxe5 19. Bxf8 Rxf8 20. Rxe5 Qd6 21. Re4 b5 22. Bd3 f5 23. Rh4 e5 24. Qf1 Qd5 25. a4 e4 26. Bxb5 Bxb5 27. axb5 d3 28. Rb1 Qxb5 29. f3 Qe5 30. Qf2 Ra1 31. Qe1 Qd4+ 32. Kf1 Rxb1 33. Qxb1 Ra8 34. fxe4 Ra1 35. Qe1 0-1

[Event "Cannes Martinez op"]
[Site "Cannes"]
[Date "1996.??.??"]
[Round "6"]
[White "Ristic, Alexandre"]
[Black "Morrison, Roberto"]
[Result "1-0"]
[WhiteElo "2170"]
[BlackElo "1965"]
[PlyCount "65"]
[EventDate "1996.08.??"]
[EventType "swiss"]
[EventRounds "9"]
[EventCountry "FRA"]
[SourceTitle "EXT 1998"]
[Source "ChessBase"]
[SourceDate "1997.11.17"]
[SourceVersion "1"]
[SourceVersionDate "1997.11.17"]
[SourceQuality "1"]

1. e4 c5 2. Nf3 Nc6 3. d3 e6 4. g3 Nge7 5. Bg2 g6 6. 0-0 Bg7 7. Nbd2 0-0 8. Re1 b5 9. a4 b4 10. e5 d5 11. exd6 Nf5 12. Ne4 Nxd6 13. Nxc5 Qc7 14. d4 Rb8 15. c3 Rb6 16. Bf4 Na5 17. Bf1 bxc3 18. bxc3 Qe7 19. Nd2 Rd8 20. h4 h6 21. Qc1 Qf8 22. Bd3 Ndb7 23. Bc7 Nxc5 24. dxc5 Rxd3 25. cxb6 Rxc3 26. Qb1 Qc5 27. Ne4 Qc6 28. Nxc3 Bb7 29. Ne4 f5 30. Qb5 Bxa1 31. Qxc6 Nxc6 32. Rxa1 fxe4 33. Rb1 1-0

[Event "Cannes Martinez op"]
[Site "Cannes"]
[Date "1996.??.??"]
[Round "4"]
[White "Sereno, Philippe"]
[Black "Morrison, Roberto"]
[Result "0-1"]
[WhiteElo "2150"]
[BlackElo "1965"]
[PlyCount "64"]
[EventDate "1996.08.??"]
[EventType "swiss"]
[EventRounds "9"]
[EventCountry "FRA"]
[SourceTitle "EXT 1998"]
[Source "ChessBase"]
[SourceDate "1997.11.17"]
[SourceVersion "1"]
[SourceVersionDate "1997.11.17"]
[SourceQuality "1"]

1. e4 c5 2. Nf3 Nc6 3. d4 cxd4 4. Nxd4 Nf6 5. Nc3 e5 6. Ndb5 d6 7. a4 a6 8. Na3 Be6 9. Nc4 d5 10. exd5 Nxd5 11. Nxd5 Bxd5 12. Be3 Be4 13. Nd2 Qa5 14. c3 Rd8 15. Qb3 Bd5 16. c4 Be4 17. 0-0-0 Rxd2 18. Rxd2 Nb4 19. Kd1 Be7 20. f3 Bc6 21. Ke1 0-0 22. Kf2 Bxa4 23. Qc3 f5 24. g3 f4 25. gxf4 exf4 26. Bd4 Bh4+ 27. Kg1 Be1 28. Rg2 Bxc3 29. Rxg7+ Kh8 30. bxc3 Qd8 31. Rg6+ Qxd4+ 32. cxd4 hxg6 0-1